| 000 | 00721nam a2200241Ia 4500 | ||
|---|---|---|---|
| 003 | OSt | ||
| 005 | 20220923224058.0 | ||
| 006 | a|||||r|||| 00| 0 | ||
| 007 | ta | ||
| 008 | 220922b |||||||| |||| 00| 0 hin d | ||
| 024 | _a225,240 | ||
| 037 | _cTextual | ||
| 040 |
_aARTS _cARTS _bhin |
||
| 041 |
_2hin _ahin |
||
| 082 | _aR693x2:g, 152P5 | ||
| 100 | _aजितेन्द्र कुमार | ||
| 245 | 0 | _aकुन्दकुन्द का प×चास्तिकाय | |
| 246 | _aKundakunda kā pa×chāstikāya | ||
| 260 | _c2005 | ||
| 300 |
_axxx, 398p _ccm. |
||
| 942 |
_hR693x2:g, 152P5 _cTEXL _2CC |
||
| 999 |
_c369079 _d369079 |
||